000 00923nam a2200265 i 4500
001 47721
003 ES-MaACL
005 20251013210944.0
007 t|
008 010409s2001 sp ||||0| spa j
020 _a84-8026-972-3
040 _aM-BN
_bspa
_cM-BN
080 _a7 Cocteau, Jean (064.3)
245 0 0 _aCocteau y España
_b: Museo Nacional Centro de Arte Reina Sofía, del 6 de febrero al 16 de abril de 2001.
260 _a[Madrid] :
_bMuseo Nacional Centro de Arte Reina Sofía,
_c[2001]
300 _a236 p. :
_bil. col. y n. ;
_c27 cm.
600 1 4 _aCocteau, Jean,
_d1889-1963-
_vExposiciones
_939411
655 7 _2tgfbne
_9193628
_aCatálogos de exposiciones
700 1 _aCocteau, Jean,
_d1889-1963
_939410
710 2 _aMuseo Nacional Centro de Arte Reina Sofía
_9147737
852 _aES-MaACL
_jL-26296
_bR.132269
942 _2udc
999 _c47721
_d47721